[Event "1st league of Central Serbia"]
[Site "Vrnjacka Banja"]
[Date "2006.10.28"]
[Round "10.6"]
[White "Jovanovic, D  Dusan"]
[Black "Jakovljevic, Zivota"]
[Result "1-0"]
[WhiteElo "2240"]
[BlackElo "2127"]
[PlyCount "97"]
[EventDate "2006.09.09"]

1. Nf3 e6 2. g3 d5 3. c4 Nf6 4. Bg2 Be7 5. O-O O-O 6. b3 Nbd7 7. Bb2 b6 8. d3
Bb7 9. Nbd2 c5 10. Qc2 Rc8 11. e4 d4 12. h3 Qc7 13. Nh2 e5 14. Bc1 Bd6 15. Ndf3
Ra8 16. Ne1 a6 17. Qd1 b5 18. f4 Bc6 19. f5 Rfb8 20. g4 g6 21. g5 Nh5 22. Ng4
Nf4 23. Nh6+ Kg7 24. f6+ Kf8 25. Qg4 Ke8 26. Bxf4 exf4 27. Nf3 Ne5 28. Nxe5
Bxe5 29. Qh4 Kd8 30. Ng4 Bd7 31. Nxe5 Qxe5 32. Qxf4 Qxf4 33. Rxf4 bxc4 34. bxc4
Bc6 35. Rh4 Kd7 36. Rxh7 Ke6 37. Rf1 Rb2 38. h4 Rb7 39. Bh3+ Kd6 40. Kh2 Rf8
41. Kg3 Ke5 42. h5 gxh5 43. Rf5+ Kd6 44. e5+ Kc7 45. e6 Kb6 46. Rxf7 h4+ 47.
Kf4 Rbxf7 48. exf7 Bd7 49. g6 1-0